La nota alemana acerca de la paz y la contestación de los aliados. (Record no. 186419)

MARC details
000 -LEADER
campo de control de longitud fija 00828nam a2200157 i 4500
001 - NÚMERO DE CONTROL
campo de control 186419
003 - IDENTIFICADOR DE NÚMERO DE CONTROL
campo de control ES-MaACL
005 - FECHA Y HORA DE LA ÚLTIMA TRANSACCIÓN
campo de control 20230906222651.0
008 - DATOS DE LONGITUD FIJA--INFORMACIÓN GENERAL
campo de control de longitud fija 161111s1917 xxk |||| | spa d
245 03 - MENCIÓN DEL TÍTULO
Título La nota alemana acerca de la paz y la contestación de los aliados.
260 ## - PUBLICACIÓN, DISTRIBUCIÓN, ETC.
Lugar de publicación, distribución, etc. Londres :
Nombre del editor, distribuidor, etc. Hayman, Christy & Lilly,
Fecha de publicación, distribución, etc. 1917.
300 ## - DESCRIPCIÓN FÍSICA
Extensión 12 p. ;
Dimensiones 22 cm.
500 ## - NOTA GENERAL
Nota general En port.: Texto de la Nota Alemana entregada por el Embajador de los Estados Unidos a Lord Robert Cecil, Secretario Encargado del Despacho de Negocios Extranjeros, el 19 de Diciembre [y] Texto y traducción de la Contestación comunicada por el Gobierno Francés en nombre de las Potencias Aliadas al Embajador de los Estados Unidos en Paris, el 30 de diciembre.
650 04 - PUNTO DE ACCESO ADICIONAL DE MATERIA--TÉRMINO DE MATERIA
Término de materia o nombre geográfico como elemento de entrada Guerra mundial, 1914-1918-
Subdivisión general Paz.
9 (RLIN) 13225
852 ## - LOCALIZACIÓN
Ubicación ES-MaACL
Número de control de estantería 1577-F-24
Holdings
Estatus retirado Estado de pérdida Estado de daño No para préstamo Colección Biblioteca de origen Biblioteca actual Ubicación en estantería Fecha de adquisición Fuente de adquisición Total de préstamos Signatura topográfica completa Código de barras Visto por última vez Precio de reemplazo Tipo de ítem Koha
        Colección de folletos Biblioteca del Ateneo de Madrid Biblioteca del Ateneo de Madrid Depósito folletos 11/11/2016     1577-F-24 1196583 23/02/2023 23/02/2023 Folleto